000 00307nam a22001217a 4500
008 180308b xxu||||| |||| 00| 0 eng d
041 _aeng
080 _a621
100 _a27
101 _aMEC
245 _aUSE OF COMPUTERS FOR ENVIRONMENTAL ENGINEERING RELATED TO BUILDING
_cKON
942 _2udc
_cBK
999 _c44517
_d44517